Democratic Movements and the rise of responsible Governments in Travancore And Cochin/ (Record no. 192352)

MARC details
000 -LEADER
fixed length control field 00606nam a22001937a 4500
005 - DATE AND TIME OF LATEST TRANSACTION
control field 20220920103808.0
010 ## - LCCN (DPL NO)
LC control number ENG-135131
020 ## - INTERNATIONAL STANDARD BOOK NUMBER
International Standard Book Number 9789383763276
Terms of availability 500.00
035 ## - SYSTEM CONTROL NUMBER
System control number EN-118663
037 ## - SOURCE OF ACQUISITION
Source of stock number/acquisition DBAD / PUB
082 ## - DEWEY DECIMAL CLASSIFICATION NUMBER
Classification number 954.33
100 ## - MAIN ENTRY--PERSONAL NAME
Personal name Jitha, S.R.
245 ## - TITLE STATEMENT
Title Democratic Movements and the rise of responsible Governments in Travancore And Cochin/
Statement of responsibility, etc S.R. Jitha
260 ## - PUBLICATION, DISTRIBUTION, ETC. (IMPRINT)
Place of publication, distribution, etc Kerala
Name of publisher, distributor, etc Centre for South Indian studies
Date of publication, distribution, etc 2014
270 ## - ADDRESS
City Trivandrum
300 ## - PHYSICAL DESCRIPTION
Extent 117p.
Dimensions 21cm(pbk)
Other physical details illustrations, References and Index
700 ## - ADDED ENTRY--PERSONAL NAME
Personal name .
942 ## - ADDED ENTRY ELEMENTS (KOHA)
Source of classification or shelving scheme Dewey Decimal Classification
Item type English Books
Call number suffix JIT
Classification part 954.33
Holdings
Withdrawn status Lost status Not for loan Collection code Home library Current library Date acquired Source of acquisition Cost, normal purchase price Full call number Barcode Copy number Cost, replacement price Koha item type
      Non-fiction Bawana Bawana 20/09/2022 DBAD/PUB 500.00 954.33 JIT EN-118663 1 500.00 English Books

© Delhi Public Library
Hit Counter
free hit counter